MARC

LEADER 00000nam0a2200000 4500
001 20024
005 20231101205328.0
010 |a 5235017021 
035 |a (RuTPU)RU\TPU\book\20199 
035 |a BOOK00004888 
090 |a 20024 
100 |a 20011209d1992 km y0rusy50 ca 
101 0 |a rus 
102 |a RU 
105 |a y z 000zb 
200 1 |a Конфуций  |f В. В. Малявин 
210 |a Москва  |c Молодая гвардия  |d 1992 
215 |a 335 с. 
225 1 |a Жизнь замечательных людей 
600 0 |a Конфуций  |c древне-китайский мыслитель, основатель конфуцианства  |f около 551-479 до н.э.  |2 stltpui  |3 (RuTPU)RU\TPU\pers\235 
606 1 |a Китайская философия древняя  |2 stltpush  |3 (RuTPU)RU\TPU\subj\14446  |9 40829 
610 1 |a философия 
610 1 |a китайская философия 
610 1 |a история 
610 1 |a конфуцианство 
610 1 |a 6 век до н.э. 
610 1 |a 5 век до н. э. 
686 |a Ю3(5Кит)3  |v LBC/SL-A  |2 rubbk 
700 1 |a Малявин  |b В. В.  |g Владимир Вячеславович 
801 0 |a RU  |b 63413507  |c 20011209  |g PSBO 
801 2 |a RU  |b 63413507  |c 20141208  |g PSBO 
942 |c BK